Pokémon Epée et Bouclier- Météos des Terres Sauvages - Statistiques

Statistiques générales
  • Ce quiz a été pris 15 fois
  • Le résultat moyen est 5 sur 9
Statistiques - réponses
Météos des Terres Sauvages % Correct
Neige
93%
Pluie
93%
Brume
79%
Orage
79%
Tempête de sable
57%
Blizzard
36%
Ciel couvert
21%
Soleil intense
21%
Normale
14%
Aucun quiz correspondant
Distribution des résultats
% des personnes avec chaque résultat
Percentile par nombre de réponses
Votre historique - résultats
Vous n’avez pas pris ce quiz